|
|
|
|
| LEADER |
01246ppm a22002538a 4500 |
| 001 |
00042146 |
| 005 |
20180824070837.0 |
| 008 |
150324s2014 ||||||viesd |
| 041 |
0 |
# |
|a vie
|
| 082 |
1 |
4 |
|a 541
|b KH108S
|
| 100 |
1 |
# |
|a Nguyễn, Hoàng Hải
|
| 245 |
0 |
0 |
|a Khảo sát cơ chế phản ứng của nguyên tử Chlorine với phân tử Acrylonitrile trong pha khí bằng phương pháp tính hóa học lượng tử
|b Luận văn thạc sĩ Khoa học giáo dục. Chuyên ngành: Hóa lý thuyết và Hóa lý . Mã số: 8.44.01.19
|c Nguyễn Hoàng Hải ;Trần Quốc Trị (hướng dẫn)
|
| 260 |
# |
# |
|a Đồng Tháp
|b Đại học Đồng Tháp
|c 2018
|
| 300 |
# |
# |
|c 30cm.
|a 75 tr.
|e 1 bản tóm tắt
|
| 500 |
# |
# |
|a ĐTTS ghi: Bộ giáo dục và đào tạo. Trường Đại học Đồng Tháp
|
| 653 |
# |
# |
|a Acrylonitrile
|
| 653 |
# |
# |
|a phản ứng
|
| 653 |
# |
# |
|a Luận văn
|
| 653 |
# |
# |
|a Hóa học
|
| 653 |
# |
# |
|a Hóa lượng tử
|
| 700 |
1 |
# |
|a Trần, Quốc Trị
|e Hướng dẫn
|
| 852 |
# |
# |
|j LV.0002374
|
| 910 |
|
|
|d 20/08/2018
|
| 980 |
# |
# |
|a Trung tâm Học liệu Lê Vũ Hùng, Trường Đại học Đồng Tháp
|